[Event "Amazons Pride Blitz"]
[Site "Chess.com INT"]
[Date "2021.10.23"]
[Round "7"]
[White "Kovanova, Baira"]
[Black "Kostornichenko, Yana"]
[Result "1-0"]
[WhiteElo "2331"]
[BlackElo "1831"]
[PlyCount "61"]
[EventDate "2021.10.23"]
[EventType "swiss (blitz)"]
[EventRounds "9"]
[EventCountry "USA"]
[SourceTitle "CBM 204 Extra"]
[Source "ChessBase"]
[SourceDate "2021.11.30"]
[SourceVersion "1"]
[SourceVersionDate "2021.11.30"]
[SourceQuality "1"]

1. Nf3 c5 2. e4 e6 3. d3 d5 4. Qe2 Be7 5. g3 Nf6 6. Bg2 Nc6 7. 0-0 b6 8. e5 Nd7 9. Re1 Qc7 10. Bf4 Bb7 11. c4 d4 12. Nbd2 0-0-0 13. Ne4 Ncxe5 14. Nxe5 Nxe5 15. Nxc5 Bxg2 16. Bxe5 Qxc5 17. Kxg2 f6 18. Bf4 e5 19. Bd2 h5 20. b4 Qc6+ 21. Kg1 h4 22. c5 h3 23. f3 bxc5 24. bxc5 g5 25. Rec1 g4 26. fxg4 Rhg8 27. g5 f5 28. Rf1 Rdf8 29. Rab1 f4 30. Qg4+ Kc7 31. Ba5+ 1-0

[Event "Malaya Zemlya op"]
[Site "Novorossiysk"]
[Date "2021.07.12"]
[Round "1"]
[White "Lintchevski, Daniil"]
[Black "Kostornichenko, Yana"]
[Result "1-0"]
[WhiteElo "2555"]
[BlackElo "1773"]
[PlyCount "75"]
[EventDate "2021.07.12"]
[EventType "swiss"]
[EventRounds "9"]
[EventCountry "RUS"]
[SourceTitle "CBM 203 Extra"]
[Source "ChessBase"]
[SourceDate "2021.09.30"]
[SourceVersion "1"]
[SourceVersionDate "2021.09.30"]
[SourceQuality "1"]

1. e4 c5 2. c3 d5 3. exd5 Qxd5 4. d4 Nf6 5. Nf3 Bg4 6. Be2 e6 7. 0-0 Nc6 8. Be3 cxd4 9. cxd4 Be7 10. Nc3 Qd6 11. h3 Bh5 12. Qb3 0-0 13. Rfd1 Rfd8 14. a3 a6 15. Na4 Nd5 16. Nc5 Rab8 17. Rac1 Nf4 18. Bxf4 Qxf4 19. Qe3 Bd6 20. Kf1 Ne7 21. Qxf4 Bxf4 22. Rc3 h6 23. Rb3 Bg6 24. Bd3 Nf5 25. Rxb7 Rxb7 26. Nxb7 Rb8 27. Bxa6 Ne7 28. b4 Ra8 29. b5 Bc2 30. Ra1 Bd3+ 31. Kg1 Rb8 32. a4 Be4 33. Nc5 Ba8 34. a5 Nf5 35. b6 Bxf3 36. gxf3 Nxd4 37. Bb7 Bd6 38. a6 1-0